Oeuvres: économie
Tallennettuna:
| Aineistotyyppi: | Kirja |
|---|---|
| Kieli: | ranska |
| Julkaistu: |
París
Gallimard
1965
|
| Sarja: | Bibliothèque de La Pléiade, 164
|
| Aiheet: | |
| Tagit: |
Lisää tagi
Ei tageja, Lisää ensimmäinen tagi!
|
MARC
| LEADER | 00000nam a2200000 a 4500 | ||
|---|---|---|---|
| 001 | UCZ3317 | ||
| 003 | CL-VaPUC | ||
| 005 | 20211116074331.0 | ||
| 008 | 951020e19650000FR |||||||||||||||||fre|d | ||
| 999 | |c 239803 |d 239801 | ||
| 040 | |c Pontificia Universidad Católica de Valparaíso | ||
| 082 | 0 | 4 | |a 335.4 |b MAR |2 21 |
| 245 | 1 | 0 | |a Oeuvres: économie |
| 260 | |a París |b Gallimard |c 1965 | ||
| 300 | |a v | ||
| 490 | 0 | |a Bibliothèque de La Pléiade, 164 | |
| 583 | |a last modification |c 19951020 00:00:00 |k Rodrigo Vera | ||
| 650 | 0 | |a Comunismo |9 255588 | |
| 650 | 0 | |a Doctrinas políticas |9 255835 | |
| 650 | 0 | |a Ideologías |9 255200 | |
| 650 | 7 | |a SISTEMAS POLITICOS |2 CL-VaPUC |9 347108 | |
| 650 | 7 | |a FILOSOFIA POLITICA |2 CL-VaPUC |9 347109 | |
| 650 | 0 | |a Economía |9 255568 | |
| 650 | 0 | |a Salarios |9 255321 | |
| 650 | 0 | |a Capital |9 263726 | |
| 942 | |c BK |2 ddc | ||
| 945 | |d 19951020 00:00:00 |a cmena | ||
| 952 | |0 0 |1 0 |4 0 |6 335_400000000000000_MAR_1965 |7 0 |8 P |9 251202 |a BIBEDU |b BIBEDU |c BIBEDU_PB |d 2019-11-18 |h v.1 |i 1585363 |l 1 |o 335.4 MAR 1965 |p 1585363 |r 2024-01-25 |s 2023-09-21 |w 2019-11-18 |y BK |k FIL | ||
| 952 | |0 0 |1 0 |4 0 |6 335_400000000000000_MAR_1965 |7 0 |8 P |9 251203 |a BIBEDU |b BIBEDU |c BIBEDU_PB |d 2019-11-18 |h v.2 |i 1585371 |o 335.4 MAR 1965 |p 1585371 |r 2024-01-25 |w 2019-11-18 |y BK |k FIL | ||